[Event "74th South Island Chess Championship"]
[Site "Oamaru NZL"]
[Date "2023.09.27"]
[Round "1.21"]
[White "Lee, Dylan E S"]
[Black "Koentges, Thomas"]
[Result "1-0"]
[WhiteElo "1192"]
[BlackElo "1773"]

1. b3 d5 2. Bb2 Bf5 3. e3 e6 4. Nf3 Nd7 5. Be2 Ngf6 6. O-O Bd6 7. c4 c6 8. d3
Qb8 9. Nbd2 O-O 10. Qc2 h6 11. g3 Rc8 12. Nh4 Bh7 13. f4 Bc5 14. Ng2 Qd6 15.
Kh1 Ba3 16. Rad1 b5 17. e4 Bxb2 18. Qxb2 Qe7 19. e5 Ne8 20. Nf3 bxc4 21. dxc4
Nc5 22. b4 Rab8 23. Qa3 Ne4 24. c5 Qb7 25. Ba6 Qc7 26. Bxc8 Rxc8 27. Nd2 Rb8
28. Nxe4 Bxe4 29. Kg1 Qb7 30. Rd4 Nc7 31. Qa5 Nb5 32. Rd2 Nc3 33. Rc1 Bxg2 34.
Kxg2 Ne4 35. Rb2 Qe7 36. a4 g5 37. b5 gxf4 38. gxf4 Kh7 39. Qe1 1-0

[Event "74th South Island Chess Championship"]
[Site "Oamaru NZL"]
[Date "2023.09.27"]
[Round "1.22"]
[White "Fairley, Natasha"]
[Black "Bradford, Mitchell"]
[Result "1-0"]
[WhiteElo "1771"]
[BlackElo "1132"]

1. e4 e5 2. Nf3 Nc6 3. Nc3 Bb4 4. Bc4 Nf6 5. d3 O-O 6. Bg5 h6 7. Bh4 d6 8. h3
Bxc3+ 9. bxc3 g5 10. Bg3 h5 11. Nxg5 Nd7 12. Qxh5 Nf6 13. Bxf7+ Kg7 14. Qg6+
Kh8 15. Qh6+ Nh7 16. Qxh7# 1-0

[Event "South Island Championships 2023"]
[Site "Oamaru, New Zealand"]
[Date "2023.09.27"]
[Round "2.11"]
[White "Coleman, Phil"]
[Black "Lee, Dylan E S"]
[Result "0-1"]
[TimeControl "90 + 30"]
[WhiteFideId "4319443"]
[BlackFideId "4310098"]
[WhiteElo "1872"]
[BlackElo "1192"]

1. e4 {[%clk 01:30:55]} {[%emt 00:00:03]} c6 {[%clk 01:30:57]} {[%emt
00:00:04]} 2. Nf3 {[%clk 01:31:14]} {[%emt 00:00:11]} d5 {[%clk 01:31:13]}
{[%emt 00:00:14]} 3. Nc3 {[%clk 01:31:37]} {[%emt 00:00:08]} dxe4 {[%clk
01:31:31]} {[%emt 00:00:11]} 4. Nxe4 {[%clk 01:31:55]} {[%emt 00:00:12]} Nf6
{[%clk 01:31:51]} {[%emt 00:00:11]} 5. Neg5 {[%clk 01:31:44]} {[%emt 00:00:41]}
h6 {[%clk 01:30:52]} {[%emt 00:01:28]} 6. Nh3 {[%clk 01:31:10]} {[%emt
00:01:04]} Bxh3 {[%clk 01:31:08]} {[%emt 00:00:13]} 7. gxh3 {[%clk 01:31:33]}
{[%emt 00:00:07]} e6 {[%clk 01:31:28]} {[%emt 00:00:10]} 8. d4 {[%clk
01:27:45]} {[%emt 00:04:19]} Bd6 {[%clk 01:30:53]} {[%emt 00:01:05]} 9. Bd3
{[%clk 01:24:11]} {[%emt 00:04:03]} Nbd7 {[%clk 01:29:57]} {[%emt 00:01:27]} 10.
Bd2 {[%clk 01:19:17]} {[%emt 00:05:24]} Qb6 {[%clk 01:26:13]} {[%emt 00:04:14]}
11. b3 {[%clk 01:16:06]} {[%emt 00:03:40]} O-O-O {[%clk 01:23:18]} {[%emt
00:03:25]} 12. a4 {[%clk 01:12:00]} {[%emt 00:04:37]} e5 {[%clk 01:21:40]}
{[%emt 00:02:08]} 13. a5 {[%clk 01:07:57]} {[%emt 00:04:32]} Qc7 {[%clk
01:21:53]} {[%emt 00:00:17]} 14. dxe5 {[%clk 00:56:53]} {[%emt 00:11:33]} Nxe5
{[%clk 01:22:13]} {[%emt 00:00:10]} 15. Be3 {[%clk 00:50:07]} {[%emt 00:07:16]}
Nxd3+ {[%clk 01:20:50]} {[%emt 00:01:54]} 16. cxd3 {[%clk 00:49:36]} {[%emt
00:01:01]} Bb4+ {[%clk 01:20:37]} {[%emt 00:00:42]} 17. Kf1 {[%clk 00:48:38]}
{[%emt 00:01:28]} Nd5 {[%emt 00:01:44]} 18. Bxa7 {[%clk 00:45:50]} {[%emt
00:03:16]} Bxa5 {[%clk 01:16:06]} {[%emt 00:03:51]} 19. Bd4 {[%clk 00:43:01]}
{[%emt 00:03:18]} f6 {[%clk 01:14:10]} {[%emt 00:02:26]} 20. Nh4 {[%clk
00:37:09]} {[%emt 00:06:20]} Rhe8 {[%clk 01:09:40]} {[%emt 00:05:01]} 21. Qg4+
{[%clk 00:34:09]} {[%emt 00:03:30]} Kb8 {[%clk 01:07:58]} {[%emt 00:02:13]} 22.
Nf5 {[%clk 00:31:56]} {[%emt 00:02:42]} c5 {[%clk 01:03:43]} {[%emt 00:04:46]}
23. Bb2 {[%clk 00:29:14]} {[%emt 00:03:12]} Rd7 {[%clk 00:52:43]} {[%emt
00:11:30]} 24. Qa4 {[%clk 00:27:22]} {[%emt 00:02:23]} b6 {[%clk 00:52:34]}
{[%emt 00:00:38]} 25. Nxg7 {[%clk 00:26:53]} {[%emt 00:00:59]} Rg8 {[%clk
00:49:46]} {[%emt 00:03:18]} 26. Ne6 {[%clk 00:23:30]} {[%emt 00:03:53]} Qd6
{[%clk 00:49:13]} {[%emt 00:01:03]} 27. Nxc5 {[%clk 00:23:20]} {[%emt
00:00:40]} bxc5 {[%clk 00:48:10]} {[%emt 00:01:32]} 28. Qxa5 {[%clk 00:22:57]}
{[%emt 00:00:54]} Nb6 {[%clk 00:48:10]} {[%emt 00:00:27]} 29. Rd1 {[%clk
00:20:19]} {[%emt 00:03:11]} Qe6 {[%clk 00:47:42]} {[%emt 00:00:58]} 30. Qb5
{[%clk 00:16:45]} {[%emt 00:04:04]} Re7 {[%clk 00:47:09]} {[%emt 00:01:03]} 0-1

[Event "South Island Championships 2023"]
[Site "Oamaru, New Zealand"]
[Date "2023.09.27"]
[Round "2.1"]
[White "Lukey, Stephen G"]
[Black "Kerr, Atlas"]
[Result "1-0"]
[TimeControl "90 + 30"]
[WhiteFideId "4300386"]
[BlackFideId "4319486"]
[WhiteElo "2307"]
[BlackElo "1853"]

1. d4 {[%clk 01:30:59]} {[%emt 00:00:01]} Nf6 {[%clk 01:30:49]} {[%emt
00:00:11]} 2. c4 {[%clk 01:31:25]} {[%emt 00:00:04]} c5 {[%clk 01:30:33]}
{[%emt 00:00:46]} 3. d5 {[%clk 01:31:49]} {[%emt 00:00:06]} g6 {[%clk
01:30:35]} {[%emt 00:00:28]} 4. Nc3 {[%clk 01:32:13]} {[%emt 00:00:05]} Bg7
{[%clk 01:30:27]} {[%emt 00:00:39]} 5. e4 {[%clk 01:30:50]} {[%emt 00:01:53]}
d6 {[%clk 01:30:42]} {[%emt 00:00:15]} 6. f4 {[%clk 01:25:35]} {[%emt
00:05:44]} O-O {[%clk 01:24:29]} {[%emt 00:06:43]} 7. Nf3 {[%clk 01:22:20]}
{[%emt 00:03:45]} Bg4 {[%clk 01:23:21]} {[%emt 00:01:38]} 8. Bd3 {[%clk
01:21:44]} {[%emt 00:01:06]} Nbd7 {[%clk 01:22:12]} {[%emt 00:01:39]} 9. O-O
{[%clk 01:22:00]} {[%emt 00:00:14]} e5 {[%clk 01:13:16]} {[%emt 00:09:27]} 10.
f5 {[%clk 01:19:44]} {[%emt 00:02:46]} gxf5 {[%clk 01:07:49]} {[%emt 00:05:57]}
11. exf5 {[%clk 01:19:55]} {[%emt 00:00:19]} Kh8 {[%clk 01:00:12]} {[%emt
00:08:07]} 12. Bg5 {[%clk 01:17:56]} {[%emt 00:02:29]} Rg8 {[%clk 00:57:36]}
{[%emt 00:03:06]} 13. Qe1 {[%clk 01:12:20]} {[%emt 00:06:05]} Qf8 {[%clk
00:54:09]} {[%emt 00:03:57]} 14. Qh4 {[%clk 01:12:02]} {[%emt 00:00:49]} Bh5
{[%clk 00:50:05]} {[%emt 00:04:34]} 15. Nd2 {[%clk 01:08:33]} {[%emt 00:03:59]}
h6 {[%clk 00:46:24]} {[%emt 00:04:12]} 16. Bxf6 {[%clk 01:08:41]} {[%emt
00:00:21]} Bxf6 {[%clk 00:44:43]} {[%emt 00:02:11]} 17. Qxh5 {[%clk 01:09:03]}
{[%emt 00:00:08]} Bg5 {[%clk 00:45:00]} {[%emt 00:00:13]} 18. Nde4 {[%clk
01:09:15]} {[%emt 00:00:17]} Be3+ {[%clk 00:44:52]} {[%emt 00:00:39]} 19. Kh1
{[%clk 01:09:40]} {[%emt 00:00:05]} Qg7 {[%clk 00:45:13]} {[%emt 00:00:09]} 20.
Qf3 {[%clk 01:09:39]} {[%emt 00:00:30]} Bd4 {[%clk 00:44:13]} {[%emt 00:01:30]}
21. f6 {[%clk 01:09:45]} {[%emt 00:00:24]} 1-0

[Event "South Island Championships 2023"]
[Site "Oamaru, New Zealand"]
[Date "2023.09.27"]
[Round "2.5"]
[White "Ha, Timothy Huy Minh"]
[Black "Liu, William Rui"]
[Result "0-1"]
[TimeControl "90 + 30"]
[WhiteFideId "12417246"]
[BlackFideId "4313593"]
[WhiteElo "1843"]
[BlackElo "2094"]

1. Nf3 {[%clk 01:30:55]} {[%emt 00:00:03]} d5 {[%clk 01:30:47]} {[%emt
00:00:14]} 2. c4 {[%clk 01:31:12]} {[%emt 00:00:13]} c6 {[%clk 01:31:00]}
{[%emt 00:00:16]} 3. g3 {[%clk 01:31:11]} {[%emt 00:00:31]} Nf6 {[%clk
01:31:10]} {[%emt 00:00:21]} 4. Bg2 {[%clk 01:31:21]} {[%emt 00:00:20]} Nbd7
{[%clk 01:31:22]} {[%emt 00:00:18]} 5. d4 {[%clk 01:29:50]} {[%emt 00:02:01]}
e6 {[%clk 01:31:07]} {[%emt 00:00:45]} 6. O-O {[%clk 01:29:51]} {[%emt
00:00:29]} Be7 {[%clk 01:30:08]} {[%emt 00:01:29]} 7. Nc3 {[%clk 01:28:37]}
{[%emt 00:01:44]} O-O {[%clk 01:29:49]} {[%emt 00:00:49]} 8. cxd5 {[%clk
01:27:52]} {[%emt 00:01:15]} exd5 {[%clk 01:29:55]} {[%emt 00:00:24]} 9. Qc2
{[%clk 01:26:09]} {[%emt 00:02:12]} Re8 {[%clk 01:29:10]} {[%emt 00:01:16]} 10.
Bf4 {[%clk 01:24:17]} {[%emt 00:02:21]} Nf8 {[%clk 01:27:33]} {[%emt 00:02:08]}
11. Rad1 {[%clk 01:22:26]} {[%emt 00:02:21]} Ng6 {[%clk 01:26:38]} {[%emt
00:01:26]} 12. Bc1 {[%clk 01:22:49]} {[%emt 00:00:06]} Bb4 {[%clk 01:23:55]}
{[%emt 00:03:14]} 13. a3 {[%clk 01:18:12]} {[%emt 00:05:08]} Bxc3 {[%clk
01:24:16]} {[%emt 00:00:09]} 14. bxc3 {[%clk 01:18:37]} {[%emt 00:00:04]} Ne4
{[%clk 01:24:25]} {[%emt 00:00:20]} 15. Nd2 {[%clk 01:16:43]} {[%emt 00:02:24]}
Bf5 {[%clk 01:22:18]} {[%emt 00:02:39]} 16. Nxe4 {[%clk 01:16:35]} {[%emt
00:00:37]} Bxe4 {[%clk 01:22:43]} {[%emt 00:00:06]} 17. Bxe4 {[%clk 01:16:34]}
{[%emt 00:00:30]} Rxe4 {[%clk 01:23:08]} {[%emt 00:00:05]} 18. f3 {[%clk
01:16:39]} {[%emt 00:00:25]} Re6 {[%clk 01:21:59]} {[%emt 00:01:39]} 19. e4
{[%clk 01:15:22]} {[%emt 00:01:47]} dxe4 {[%clk 01:20:55]} {[%emt 00:01:34]} 20.
fxe4 {[%clk 01:15:45]} {[%emt 00:00:07]} Qe7 {[%clk 01:20:52]} {[%emt
00:00:33]} 21. e5 {[%clk 01:14:02]} {[%emt 00:02:11]} Rd8 {[%clk 01:19:53]}
{[%emt 00:01:29]} 22. Rf2 {[%clk 01:12:39]} {[%emt 00:01:54]} c5 {[%clk
01:17:46]} {[%emt 00:02:38]} 23. Qa4 {[%clk 01:05:28]} {[%emt 00:07:40]} Ra6
{[%clk 01:14:26]} {[%emt 00:03:52]} 24. Qb3 {[%clk 01:05:18]} {[%emt 00:00:38]}
Rb6 {[%clk 01:14:30]} {[%emt 00:00:27]} 25. Qc2 {[%clk 01:03:53]} {[%emt
00:01:53]} cxd4 {[%clk 01:11:36]} {[%emt 00:03:26]} 26. cxd4 {[%clk 01:04:03]}
{[%emt 00:00:19]} Rc6 {[%clk 01:11:40]} {[%emt 00:00:28]} 27. Qb3 {[%clk
01:01:26]} {[%emt 00:03:06]} Rb6 {[%clk 01:09:04]} {[%emt 00:03:06]} 28. Qc2
{[%clk 01:00:14]} {[%emt 00:01:41]} Rc6 {[%clk 01:08:46]} {[%emt 00:00:48]} 29.
Qb3 {[%clk 01:00:37]} {[%emt 00:00:07]} Rb6 {[%clk 00:53:01]} {[%emt 00:16:16]}
30. Qc2 {[%clk 01:00:58]} {[%emt 00:00:08]} Qd7 {[%clk 00:48:09]} {[%emt
00:05:22]} 31. Rdd2 {[%emt 00:08:09]} Rc8 {[%clk 00:47:13]} 32. Qd1 {[%clk
00:53:59]} {[%emt 00:01:17]} Rb1 {[%clk 00:38:25]} {[%emt 00:09:17]} 33. Rc2
{[%clk 00:54:14]} {[%emt 00:00:15]} Nxe5 {[%clk 00:38:07]} {[%emt 00:00:49]} 34.
Rxc8+ {[%clk 00:51:02]} {[%emt 00:03:42]} Qxc8 {[%clk 00:38:28]} {[%emt
00:00:10]} 35. Rc2 {[%clk 00:51:25]} {[%emt 00:00:06]} Qd7 {[%clk 00:38:09]}
{[%emt 00:00:46]} 36. d5 {[%clk 00:51:07]} {[%emt 00:00:51]} h6 {[%clk
00:36:57]} {[%emt 00:01:41]} 37. Kg2 {[%clk 00:49:30]} {[%emt 00:02:05]} Rb5
{[%clk 00:36:18]} {[%emt 00:01:12]} 38. d6 {[%clk 00:44:47]} {[%emt 00:05:13]}
Rb6 {[%clk 00:28:49]} {[%emt 00:07:59]} 39. Rc7 {[%clk 00:42:29]} {[%emt
00:02:46]} Qxd6 {[%clk 00:29:08]} {[%emt 00:00:13]} 40. Qxd6 {[%clk 00:42:48]}
{[%emt 00:00:11]} Rxd6 {[%clk 00:29:34]} {[%emt 00:00:04]} 41. Rxb7 {[%clk
00:43:07]} {[%emt 00:00:11]} Rd7 {[%clk 00:28:13]} {[%emt 00:01:51]} 42. Rb3
{[%clk 00:40:27]} {[%emt 00:03:07]} f6 {[%clk 00:27:18]} {[%emt 00:01:28]} 43.
Be3 {[%clk 00:39:01]} {[%emt 00:01:55]} Kf7 {[%clk 00:27:13]} {[%emt 00:00:36]}
44. Bc5 {[%clk 00:34:08]} {[%emt 00:05:22]} g5 {[%clk 00:26:08]} {[%emt
00:01:36]} 45. h3 {[%clk 00:32:53]} {[%emt 00:01:43]} h5 {[%clk 00:25:49]}
{[%emt 00:00:50]} 46. Rb8 {[%clk 00:31:29]} {[%emt 00:01:54]} Rc7 {[%clk
00:23:45]} {[%emt 00:02:35]} 47. Bb4 {[%clk 00:28:19]} {[%emt 00:03:40]} Ke6
{[%clk 00:23:09]} {[%emt 00:01:06]} 48. Rd8 {[%clk 00:26:23]} {[%emt 00:02:25]}
Kf5 {[%clk 00:23:00]} {[%emt 00:00:39]} 49. Rd6 {[%clk 00:23:05]} {[%emt
00:03:45]} Rc6 {[%clk 00:22:29]} {[%emt 00:01:05]} 50. Rd1 {[%clk 00:20:28]}
{[%emt 00:03:06]} Rc2+ {[%clk 00:22:40]} {[%emt 00:00:21]} 51. Rd2 {[%clk
00:18:42]} {[%emt 00:02:16]} Rxd2+ {[%clk 00:22:55]} {[%emt 00:00:14]} 52. Bxd2
{[%clk 00:19:07]} {[%emt 00:00:04]} Ke4 {[%clk 00:23:17]} {[%emt 00:00:08]} 53.
Kf2 {[%clk 00:19:16]} {[%emt 00:00:21]} Nc4 {[%clk 00:23:05]} {[%emt 00:00:43]}
54. Bb4 {[%clk 00:19:38]} {[%emt 00:00:08]} f5 {[%clk 00:23:10]} {[%emt
00:00:26]} 55. g4 {[%clk 00:19:03]} {[%emt 00:01:03]} hxg4 {[%clk 00:11:25]}
{[%emt 00:12:16]} 56. hxg4 {[%clk 00:19:21]} {[%emt 00:00:10]} fxg4 {[%clk
00:09:26]} {[%emt 00:02:30]} 57. Kg3 {[%clk 00:19:31]} {[%emt 00:00:19]} Kf5
{[%clk 00:09:51]} {[%emt 00:00:07]} 58. Bc5 {[%clk 00:18:47]} {[%emt 00:01:14]}
a6 {[%clk 00:10:00]} {[%emt 00:00:22]} 59. Be7 {[%clk 00:18:54]} {[%emt
00:00:20]} Nd2 {[%clk 00:10:12]} {[%emt 00:00:20]} 60. Bd8 {[%clk 00:18:35]}
{[%emt 00:00:49]} Ne4+ {[%clk 00:10:20]} {[%emt 00:00:22]} 61. Kg2 {[%clk
00:18:51]} {[%emt 00:00:11]} Nd6 {[%clk 00:08:40]} {[%emt 00:02:12]} 62. Kg3
{[%clk 00:18:36]} {[%emt 00:00:44]} Ne4+ {[%clk 00:07:54]} {[%emt 00:01:18]} 63.
Kg2 {[%clk 00:18:59]} {[%emt 00:00:07]} Nc3 {[%clk 00:06:10]} {[%emt 00:02:14]}
64. Kg3 {[%clk 00:19:14]} {[%emt 00:00:14]} Nd5 {[%clk 00:06:34]} {[%emt
00:00:07]} 65. a4 {[%clk 00:19:16]} {[%emt 00:00:28]} Nc3 {[%clk 00:06:49]}
{[%emt 00:00:15]} 66. a5 {[%clk 00:19:35]} {[%emt 00:00:10]} Nd5 {[%clk
00:07:14]} {[%emt 00:00:06]} 67. Bb6 {[%clk 00:19:27]} {[%emt 00:00:37]} Nf4
{[%clk 00:06:38]} {[%emt 00:01:06]} 68. Bc5 {[%clk 00:19:15]} {[%emt 00:00:39]}
Nh5+ {[%clk 00:06:54]} {[%emt 00:00:18]} 69. Kg2 {[%clk 00:19:34]} {[%emt
00:00:10]} Ke4 {[%clk 00:06:25]} {[%emt 00:01:00]} 70. Be7 {[%clk 00:19:30]}
{[%emt 00:00:32]} g3 {[%clk 00:06:31]} {[%emt 00:00:26]} 71. Bxg5 {[%clk
00:19:16]} {[%emt 00:00:43]} Kf5 {[%clk 00:06:58]} {[%emt 00:00:04]} 72. Bd8
{[%clk 00:17:25]} {[%emt 00:02:20]} Kg4 {[%clk 00:07:22]} {[%emt 00:00:06]} 73.
Bb6 {[%clk 00:14:03]} {[%emt 00:03:52]} Nf4+ {[%clk 00:07:45]} {[%emt
00:00:08]} 74. Kf1 {[%clk 00:14:26]} {[%emt 00:00:06]} Kf3 {[%clk 00:07:35]}
{[%emt 00:00:41]} 75. Ke1 {[%clk 00:14:17]} {[%emt 00:00:39]} Nd5 {[%clk
00:06:41]} {[%emt 00:01:24]} 76. Kf1 {[%clk 00:14:14]} {[%emt 00:00:32]} g2+
{[%clk 00:02:02]} {[%emt 00:05:09]} 77. Kg1 {[%clk 00:14:13]} {[%emt 00:00:31]}
Kg3 {[%clk 00:02:21]} {[%emt 00:00:10]} 78. Bc5 {[%clk 00:13:15]} {[%emt
00:01:29]} Nc3 {[%clk 00:02:29]} {[%emt 00:00:23]} 0-1

[Event "South Island Championships 2023"]
[Site "Oamaru, New Zealand"]
[Date "2023.09.27"]
[Round "2.3"]
[White "Wang, Justin Zhide"]
[Black "Stark, John"]
[Result "0-1"]
[TimeControl "90 + 30"]
[WhiteFideId "4312830"]
[BlackFideId "4300963"]
[WhiteElo "1849"]
[BlackElo "2204"]

1. e4 {[%clk 01:30:59]} c6 {[%clk 01:30:59]} {[%emt 00:00:01]} 2. d4 {[%clk
01:31:24]} {[%emt 00:00:08]} d5 {[%clk 01:31:18]} {[%emt 00:00:06]} 3. Nc3
{[%clk 01:31:53]} {[%emt 00:00:04]} dxe4 {[%clk 01:31:42]} {[%emt 00:00:05]} 4.
Nxe4 {[%clk 01:32:15]} {[%emt 00:00:08]} Nf6 {[%clk 01:32:09]} {[%emt
00:00:04]} 5. Nxf6+ {[%clk 01:32:37]} {[%emt 00:00:07]} exf6 {[%clk 01:32:30]}
{[%emt 00:00:09]} 6. c3 {[%clk 01:33:04]} {[%emt 00:00:03]} Bd6 {[%clk
01:32:32]} {[%emt 00:00:28]} 7. Bd3 {[%clk 01:33:30]} {[%emt 00:00:04]} O-O
{[%clk 01:32:55]} {[%emt 00:00:07]} 8. Qc2 {[%clk 01:33:52]} {[%emt 00:00:08]}
h5 {[%clk 01:33:20]} {[%emt 00:00:05]} 9. Ne2 {[%clk 01:34:17]} {[%emt
00:00:05]} Re8 {[%clk 01:33:34]} {[%emt 00:00:16]} 10. Be3 {[%clk 01:33:59]}
{[%emt 00:00:48]} Nd7 {[%clk 01:33:51]} {[%emt 00:00:13]} 11. O-O-O {[%clk
01:34:23]} {[%emt 00:00:06]} Nf8 {[%clk 01:34:06]} {[%emt 00:00:15]} 12. c4
{[%clk 01:34:48]} {[%emt 00:00:06]} Be6 {[%clk 01:26:39]} {[%emt 00:07:56]} 13.
Kb1 {[%clk 01:31:18]} {[%emt 00:04:00]} Rc8 {[%clk 01:25:39]} {[%emt 00:01:29]}
14. Nc3 {[%clk 01:29:28]} {[%emt 00:02:22]} a6 {[%emt 00:17:18]} 15. Ne4 {[%clk
01:20:34]} Be7 {[%clk 01:17:37]} {[%emt 00:01:05]} 16. Ng3 {[%clk 01:18:56]}
{[%emt 00:02:09]} g6 {[%clk 01:17:49]} {[%emt 00:00:18]} 17. Bh6 {[%clk
01:11:41]} {[%emt 00:07:45]} f5 {[%clk 01:15:28]} {[%emt 00:02:51]} 18. Rhe1
{[%clk 00:47:16]} {[%emt 00:24:54]} Bb4 {[%clk 01:02:46]} {[%emt 00:13:13]} 19.
Re2 {[%clk 00:40:30]} {[%emt 00:07:17]} h4 {[%clk 00:50:48]} {[%emt 00:12:27]}
20. Nf1 {[%clk 00:21:47]} {[%emt 00:19:13]} Qxd4 {[%clk 00:50:37]} {[%emt
00:00:41]} 21. a3 {[%clk 00:20:14]} {[%emt 00:02:04]} Qh8 {[%clk 00:49:45]}
{[%emt 00:01:20]} 22. Bf4 {[%clk 00:17:00]} {[%emt 00:03:44]} Be7 {[%clk
00:49:37]} {[%emt 00:00:38]} 23. Be5 {[%clk 00:15:30]} {[%emt 00:02:01]} Bf6
{[%clk 00:49:57]} {[%emt 00:00:10]} 24. Bxf6 {[%clk 00:14:03]} {[%emt
00:01:57]} Qxf6 {[%clk 00:50:17]} {[%emt 00:00:09]} 25. Nd2 {[%clk 00:14:28]}
{[%emt 00:00:06]} Bd7 {[%clk 00:46:21]} {[%emt 00:04:25]} 26. Nf3 {[%clk
00:13:14]} {[%emt 00:01:44]} Rxe2 {[%clk 00:45:11]} {[%emt 00:01:40]} 27. Bxe2
{[%clk 00:13:33]} {[%emt 00:00:12]} c5 {[%clk 00:42:14]} {[%emt 00:03:26]} 28.
Qd2 {[%clk 00:07:10]} {[%emt 00:06:54]} Re8 {[%clk 00:38:19]} {[%emt 00:04:25]}
29. Bd3 {[%clk 00:06:16]} {[%emt 00:01:24]} Bc6 {[%clk 00:38:23]} {[%emt
00:00:26]} 30. Qf4 {[%clk 00:05:43]} {[%emt 00:01:03]} Bxf3 {[%clk 00:37:15]}
{[%emt 00:01:38]} 31. Qxf3 {[%clk 00:06:05]} {[%emt 00:00:08]} Re6 {[%clk
00:36:47]} {[%emt 00:00:58]} 32. Bc2 {[%clk 00:05:01]} {[%emt 00:01:35]} Rb6
{[%clk 00:35:33]} {[%emt 00:01:43]} 33. b3 {[%clk 00:05:24]} {[%emt 00:00:07]}
Ne6 {[%clk 00:35:41]} {[%emt 00:00:21]} 34. Qd3 {[%clk 00:03:06]} {[%emt
00:02:48]} Nd4 {[%clk 00:34:29]} {[%emt 00:01:42]} 35. Qc3 {[%clk 00:02:28]}
{[%emt 00:01:08]} Re6 {[%clk 00:32:16]} {[%emt 00:02:44]} 36. Kb2 {[%clk
00:01:37]} {[%emt 00:01:21]} Re2 {[%clk 00:32:02]} {[%emt 00:00:43]} 37. Rc1
{[%clk 00:01:18]} {[%emt 00:00:50]} Rxf2 {[%clk 00:32:19]} {[%emt 00:00:12]} 38.
g3 {[%clk 00:00:36]} {[%emt 00:01:13]} h3 {[%clk 00:32:42]} {[%emt 00:00:06]}
39. Kb1 {[%clk 00:00:47]} {[%emt 00:00:20]} Rxh2 {[%clk 00:32:02]} {[%emt
00:01:08]} 40. Qe3 {[%clk 00:00:35]} {[%emt 00:00:44]} Rxc2 {[%clk 00:31:18]}
{[%emt 00:01:13]} 41. Rxc2 {[%clk 00:01:00]} {[%emt 00:00:06]} Nxc2 {[%clk
00:31:39]} {[%emt 00:00:09]} 0-1